Zamanda ve mekanda - + sonsuzluk / (Record no. 15479)

MARC details
000 -BAŞLIK
Sabit Uzunlukta Kontrol Alanı 00878nam a22002657a 4500
999 ## - SİSTEM KONTROL NUMARALARI (KOHA)
Koha Biblionumber 15479
Koha Biblioitemnumber 15479
003 - KONTROL NUMARASI IDENTIFIER
Denetim Alanı MIRAKIL
005 - SON İŞLEM TARİHİ VE ZAMANI
Denetim Alanı 20240227094923.0
008 - SABİT-BOY VERİ ELEMANLARI - GENEL BİLGİLER
Sabit Uzunlukta Kontrol Alanı 240227b tu ||||| |||| 00| 0 tur d
020 ## - ULUSLARARASI STANDART KİTAP NUMARASI
Uluslararası Standart Kitap Numarası 9786257031165
040 ## - KATALOGLAMA KAYNAK
Orijinal Kataloglama Ajansı TR-AnCHP
Metne Dönüştürmek Ajansı TR-AnCHP
041 ## - DİL KODU
Metin / Ses Parça Veya Ayrı Başlığın Dil Kodu tur
082 ## - DEWEY ONLU SINIFLANDIRMA NUMARASI
Sınıflandırma Numarası 814.42
Ürün Numarası E64z 2020
090 ## - SINIFLAMA NUMARASI
Sınıflama Numarası 814.42 E64z 2020
100 ## - ANA GİRİŞ - KİŞİSEL İSİM
Kişisel Ad Erkin, Barış Evren
Bir Adıyla İlişkilendirilen Tarihler 1945-
Relator Terim yazar
245 10 - BAŞLIK TABLOSU
Başlık Zamanda ve mekanda - + sonsuzluk /
Sorumluluk Tablosu, Vb Barış Evren Erkin.
250 ## - EDITION TABLOSU
Baskı Beyanı 1. basım: Mayıs 2020
260 ## - YAYIN, DAĞITIM, VB
Yayın, Dağıtım, Vb Yeri İstanbul :
Yayıncı, Dağıtıcı, Vs Adı Parola Yayınları,
Yayın, Dağıtım, Vb Tarihi 2020.
300 ## - FİZİKSEL TANIM
Kapsam 144 sayfa :
Diğer Fiziksel Ayrıntıları fotoğraf ;
Boyutlar 21 cm.
490 0# - SERİSİ TABLOSU
Seri Beyanı Parola Yayınları ;
Hacim / Ardışık Tanımı 537.
490 0# - SERİSİ TABLOSU
Seri Beyanı Deneme ;
Hacim / Ardışık Tanımı 03.
500 ## - GENEL NOT
Genel Not Yazarın gerçek adı "Nail Gündüz"dür<br/>
650 #0 - KONU KATMA GİRİŞ - TOPİKAL DÖNEM
9 (RLIN) 19
Topikal Süreli Veya Coğrafi Ad Giriş Elemanı Türk edebiyatı
Genel Alt Bölümü deneme
856 ## - ELEKTRONİK YER VE ERİŞİM
Kamu Notu Dijital Nüshası için Partimizin Kütüphane Sorumlusu ile iletişime geçiniz.
942 ## - EKLENDİ GİRİŞ ELEMANLARI (KOHA)
Sınıflandırma Veya Raf Düzeni Kaynak Dewey Decimal Classification
Koha Öğesi Türü Books
Holdings
Kalıcı Konum Mevcut Konum Edinme Tarihi Toplam Check-Out'Lar Tam Çağrı Numarası Barkod Tarih Son Görülme İtibaren Geçerli Fiyatlar Koha Öğesi Türü
CHP Kütüphanesi CHP Kütüphanesi 02/27/2024   814.42 E64z 2020 21139 02/27/2024 02/27/2024 Books